00958cam a22002651a 4500001001300000003000400013005001700017008004100034010001700075035001900092040005100111042001200162043001200174050002300186070002000209072002100229082002900250100003400279245009500313260006000408300002000468490008100488650004000569830008300609agr52000509 DLC20260227111017.0770721s1952 dcu b f000 0 eng c aagr52000509  a(OCoLC)3131424 aU. S. Dept. of Agr. Libr.cCCCdCCCdDNALdDLC apremarc an-us---00aZ1009b.U57 no. 200 a1bAg84Bi no.200 aF700aK001aX200 a016.591216 sa016.5919731 aDayton, William Adams,d1885-10aUnited States tree books :ba bibliography of tree identification /cby William A. Dayton. a[Washington, D.C.] :bU.S. Dept. of Agriculture,c1952. a32 p. ;c24 cm.1 aBibliographical bulletin / United States Department of Agriculture ;vno. 20 0aTreeszUnited StatesvBibliography. 0aBibliographical bulletin (United States. Department of Agriculture) ;vno. 20.